000 00779cam a2200157 4500500
005 20260329012020.0
041 _afre
042 _adc
100 1 0 _aLoizillon, Victor
_eauthor
245 0 0 _aGuillaume Piketty (ed.) Sortir de la guerre. Des guerres de religion aux conflits asymétriques. Passés / Composés – Ministère des Armées, 2025, 464 pages, 25 euros.
260 _c2026.
500 _a88
520 _aEva Jospin takes us on a journey toward the universal in art: The fascinating exploration of caves presented at the Grand Palais invites us to search for shared human experiences.
786 0 _nÉtudes | 4334 | 2 | 2026-01-26 | p. 134a-135 | 0014-1941
856 4 1 _uhttps://shs.cairn.info/journal-etudes-2026-2-page-134a?lang=en&redirect-ssocas=7080
999 _c1867083
_d1867083